Obálka
Pro půjčování e-knih musíte být přihlášeni.
Jak si půjčit online?

Básně Jana Nerudy /

Původní EP album 03517 "Básně Jana Nerudy" vydal Supraphon v roce 1960 - nyní titul s básněmi Balada zimní, Romance Helgolandská - Romance Italská a dalšími vychází poprvé digitálně.

Uloženo v:
Hlavní autor: Neruda, Jan (Autor)
Další autoři: Carjov, Michal Ivanovič (Autor), Vydra, Václav (Vypravěč-komentátor)
Médium: E-audiokniha
Vydáno: Praha : Supraphon a.s., 2021
Tagy:
Žádné tagy
LEADER 01384nim a22003017i 4500
001 313323
007 sr nunnnnnnned
024 |a 099925137625 
044 |a xr 
100 1 |a  Neruda, Jan  |4 aut 
245 1 0 |a Básně Jana Nerudy /  |c  Neruda, Jan 
264 1 |a Praha :  |b Supraphon a.s.,  |c 2021 
300 |a 1 online zdroj (12 min., 49 sek.) 
336 |a mluvené slovo  |b spw  |2 rdacontent 
337 |a audio  |b s  |2 rdamedia 
338 |a online zdroj  |b cr  |2 rdacarrier 
505 0 0 |t Balada zimní (4 min., 1 sek.) 
505 0 0 |t Binokl na očích ... (1 min., 21 sek.) 
505 0 0 |t Kde jsem se to octnul! (1 min., 44 sek.) 
505 0 0 |t Romance Helgolandská - Romance Italská (3 min., 32 sek.) 
505 0 0 |t Romance o jaře 1848 (2 min., 14 sek.) 
520 2 |a Původní EP album 03517 "Básně Jana Nerudy" vydal Supraphon v roce 1960 - nyní titul s básněmi Balada zimní, Romance Helgolandská - Romance Italská a dalšími vychází poprvé digitálně. 
700 1 |a  Carjov, Michal Ivanovič  |4 nrt 
700 1 |a  Vydra, Václav  |4 nrt 
910 |a RBIT002 
998 |d 403165  |a https://core.palmknihy.cz/api/books/403165/cover?sc3brv  |b https://core.palmknihy.cz/api/books/403165/cover/400?sc3brv  |c https://core.palmknihy.cz/api/books/403165/cover/50?sc3brv  |e 2099-01-01  |i 099925137625  |l 769  |q 49  |r 1  |s https://www.palmknihy.cz/kniha/403165  |t audiobook  |y 2021  |z 1 
999 |d 313321